00408 2200157 4500001002100000008004100021035002000062245004000082100001800122260003200140300002200172020002200194084001400216082000800230990001200238INLIS000000000002882 IND  a0010-0925000229 aKau Bidadari SurgakucAde Kurniawan aAde Kurniawan aJakartabRumah Oranyec2014 a354c(13 x 19 cm) a978-602-1588-37-6 a813 ADE c a813 a0755104